Voisins de la France – Mort subite - Statistiques

Statistiques générales
  • Ce quiz a été pris 258 fois
    179 depuis la dernière actualisation
  • Le résultat moyen est 6 sur 8
Answers on the Grid
Answers color-coded by a green-red scale on the quiz's grid according to % correct below.
Monaco
Portugal
Italie
Liechtenstein
Andorre
Pologne
Allemagne
Belgique
Danemark
Autriche
Pays-Bas
Luxembourg
Suisse
Suriname
Guyane
Espagne
Brasile
Slovénie
 
Statistiques - réponses
Réponse % Correct
Monaco
100%
Italie
96%
Allemagne
94%
Andorre
94%
Suisse
77%
Belgique
67%
Luxembourg
60%
Espagne
59%
Aucun quiz correspondant
Distribution des résultats
% des personnes avec chaque résultat
Percentile par nombre de réponses
Votre historique - résultats
Vous n’avez pas pris ce quiz depuis la dernière actualisation